Loading...
| Auditory Arts | 5 | 20.00 | 100% | 60% | 40% |
| Beliefs | 7 | 17.14 | 100% | 57% | 14% |
| Fine Arts - Other Arts | 2 | 20.00 | 100% | 100% | 0% |
| Geography | 1 | 10.00 | 100% | 0% | 0% |
| History - American | 1 | 10.00 | 100% | 0% | 0% |
| History - Ancient | 5 | 14.00 | 60% | 40% | 40% |
| History - European | 1 | 20.00 | 100% | 100% | 0% |
| History - World | 3 | 16.67 | 100% | 0% | 67% |
| Literature - American | 5 | 16.00 | 100% | 40% | 20% |
| Literature - British | 1 | 10.00 | 100% | 0% | 0% |
| Literature - European | 6 | 15.00 | 100% | 50% | 0% |
| Literature - World | 4 | 20.00 | 100% | 75% | 25% |
| Other Academic | 1 | 0.00 | 0% | 0% | 0% |
| Philosophy | 6 | 21.67 | 83% | 83% | 50% |
| Science - Biology | 2 | 15.00 | 100% | 50% | 0% |
| Science - Chemistry | 2 | 15.00 | 100% | 50% | 0% |
| Science - Other | 1 | 20.00 | 100% | 100% | 0% |
| Science - Physics | 3 | 16.67 | 100% | 67% | 0% |
| Social Science | 5 | 14.00 | 100% | 40% | 0% |
| Visual Arts | 6 | 18.33 | 100% | 67% | 17% |